000 nam a22 7a 4500
999 _c9026
_d9026
008 180122b ||||| |||| 00| 0 eng d
100 _aAggarwal. R. S
_93422
245 _aComposite Maths
260 _aNew Delhi
_bS. Chnad Publication
_c2009